Systém a problémy plánovania, prípravy a realizácie vedeckotechnického rozvoja vo vybranom podniku miestneho stavebníctva záverečná práca postgraduálneho štúdia

Salvato in:
Dettagli Bibliografici
Autore principale: Bujalka, Jozef
Ente Autore: Vysoká škola ekonomická v Bratislave
Altri autori: Vorlíčková, Jana
Natura: Libro
Lingua:slovacco
Pubblicazione: Bratislava 1987
Tags: Aggiungi Tag
Nessun Tag, puoi essere il primo ad aggiungerne!!

MARC

LEADER 00000nam a2200000 4500
001 c032351
005 20260108080431.3
041 0 |a slo 
044 |a SK 
245 1 0 |a Systém a problémy plánovania, prípravy a realizácie vedeckotechnického rozvoja vo vybranom podniku miestneho stavebníctva  |b záverečná práca postgraduálneho štúdia  |c Jozef Bujalka ; Ved. práce Jana Vorlíčková 
264 1 |a Bratislava  |c 1987 
300 |a 47 s. 
100 1 |a Bujalka, Jozef 
700 1 |a Vorlíčková, Jana 
710 2 |a Vysoká škola ekonomická v Bratislave